000 00969nam a22003017i 4500
003 EG-GICUC
005 20260427085940.0
008 260414s1969 fr ab||fr|||| 001 0 fre d
040 _aEG-GiCUC
_bita
_cEG-GiCUC
_dEG-GiCUC
_erda
041 0 _aita
082 0 4 _221
_a341.28
_bQU
092 0 4 _221
099 _aLaw1 11 341.28 QU 1969
245 0 0 _aQui Sont Les Palestiniens ? /
_cUne Enquête De Paul Delerce, Et Georges Montaron.
264 1 _aPadova :
_bFaubourg Poissonnière,
_c1969.
300 _a23 pages,
_c21 cm.
336 _2rda content
_atext
337 _2rda media
_aComputer
338 _2rda carrier
_aOnline Resource
490 _aCahier Du Temoignage Chretien
_v N 51
546 _aTexte en français
650 1 4 _aDroit international public
_2
700 1 _aDelerce ,Paul
_eÉditeur
700 1 _aMontaron, Georges
_eÉditeur
856 4 0 _uhttps://fll.law.cu.edu.eg/fulltext/bks/B11-06576.pdf
905 _a48
942 _2ddc
_cBK
_e21
_n0
999 _c70934
_d70934